000 00408nam a22001697a 4500
005 20160625154851.0
008 160625b xxu||||| |||| 00| 0 eng d
020 _a0-7619-9326-6
041 _aeng
082 _b10239
100 _aBrosius, Christiane and Butcher, Melisse
_92806
245 _aImage Journeys
260 _bSage
_c1999
300 _a305
650 _aMass Communication
_92660
942 _cBK
999 _c4063
_d4062